000 00626nam a2200181 a 4500
001 000035388
005 20200930074314.0
008 111031s1965 ag 000 0 spa d
040 _aDO-SdBNP
_bspa
_cBNPHU
082 _axxxx
_bxxxx
100 1 _aDella Volpe, Galvano
_952792
245 1 0 _aClave de la dialéctica histórica /
_cGalvano Della Volpe.
260 _aBuenos Aires, :
_bProteo,
_c1965.
300 _a65 p. ;
_c20 cm.
490 1 _aBiblioteca de ensayos comtemporáneos
_v1
504 _aIncluye referencias bibliográficas y notas al pie de las páginas
830 0 _aBiblioteca de ensayos comtemporáneos
_n1
_961204
999 _c34879
_d34879